[Event "Veneto-ch qf 81st"]
[Site "Verona"]
[Date "2022.05.07"]
[Round "2.7"]
[White "Casadio, Niccolo"]
[Black "Gennari, Leone"]
[Result "1-0"]
[WhiteElo "2127"]
[BlackElo "1754"]
[PlyCount "49"]
[EventDate "2022.05.06"]
[EventType "swiss"]
[EventRounds "5"]
[EventCountry "ITA"]
[SourceTitle "EXT 2024"]
[Source "ChessBase"]
[SourceDate "2023.10.10"]
[SourceVersion "1"]
[SourceVersionDate "2023.10.10"]
[SourceQuality "1"]

1. d4 Nf6 2. Bf4 g6 3. Nc3 Bg7 4. e4 d6 5. Qd2 0-0 6. Bh6 c6 7. 0-0-0 b5 8. f3 b4 9. Nce2 Qa5 10. Kb1 e5 11. Bxg7 Kxg7 12. h4 h5 13. g4 hxg4 14. h5 Rh8 15. Qg5 Rxh5 16. Rxh5 Nxh5 17. fxg4 f6 18. Qh4 Nf4 19. Nxf4 exf4 20. Nf3 g5 21. Qh3 Be6 22. d5 Bf7 23. Nd4 Qc7 24. Nf5+ Kf8 25. Qh8+ 1-0

[Event "Verona op-A"]
[Site "Verona"]
[Date "2017.01.05"]
[Round "6"]
[White "Scavazza, Giampaolo"]
[Black "Gennari, Leone"]
[Result "1/2-1/2"]
[WhiteElo "2159"]
[BlackElo "1924"]
[PlyCount "62"]
[EventDate "2017.01.02"]
[EventType "swiss"]
[EventRounds "7"]
[EventCountry "ITA"]
[SourceTitle "CBM 176 Extra"]
[Source "ChessBase"]
[SourceDate "2017.03.02"]
[SourceVersion "1"]
[SourceVersionDate "2017.03.02"]
[SourceQuality "1"]

1. e4 e6 2. d4 d5 3. Nd2 Nf6 4. e5 Nfd7 5. Bd3 c5 6. c3 Nc6 7. Ne2 cxd4 8. cxd4 Be7 9. f4 0-0 10. 0-0 Qb6 11. Nf3 f6 12. Kh1 Kh8 13. Qe1 f5 14. Rg1 Rg8 15. g4 Nf8 16. Be3 Bd7 17. Ng5 Bxg5 18. fxg5 Nxe5 19. dxe5 Qxe3 20. Rg3 Qxe5 21. gxf5 exf5 22. Qb4 Bc6 23. Rf1 g6 24. Nd4 Re8 25. Rg2 Qe7 26. Nxc6 bxc6 27. Qc3+ Rg7 28. Qxc6 Rd8 29. Qc3 Qc7 30. Qf6 Nd7 31. Qd4 Qc5 1/2-1/2

[Event "Padova op-B 15th"]
[Site "Padova"]
[Date "2012.12.23"]
[Round "5"]
[White "Negro, Roberto"]
[Black "Gennari, Leone"]
[Result "1-0"]
[WhiteElo "2156"]
[BlackElo "1975"]
[PlyCount "53"]
[EventDate "2012.12.15"]
[EventType "swiss"]
[EventRounds "6"]
[EventCountry "ITA"]
[SourceTitle "EXT 2015"]
[Source "ChessBase"]
[SourceDate "2014.11.20"]
[SourceVersion "1"]
[SourceVersionDate "2014.11.20"]
[SourceQuality "1"]

1. d4 Nf6 2. Nf3 d5 3. e3 Bg4 4. h3 Bh5 5. g4 Bg6 6. Ne5 Nbd7 7. h4 h6 8. Nxg6 fxg6 9. Bd3 e5 10. Bxg6+ Ke7 11. Qf3 e4 12. Qg2 c6 13. f3 Qa5+ 14. Nc3 exf3 15. Qxf3 Kd8 16. Bd2 Bd6 17. 0-0-0 Rf8 18. Qg2 b5 19. Kb1 b4 20. Ne2 Kc7 21. g5 Ng8 22. Nf4 Bxf4 23. exf4 Ne7 24. gxh6 gxh6 25. f5 Nxf5 26. Qh2+ Kb7 27. Qh3 1-0

[Event "Padova op-B 15th"]
[Site "Padova"]
[Date "2012.12.16"]
[Round "3"]
[White "Seletsky, Grigory"]
[Black "Gennari, Leone"]
[Result "1-0"]
[WhiteElo "2308"]
[BlackElo "1975"]
[PlyCount "103"]
[EventDate "2012.12.15"]
[EventType "swiss"]
[EventRounds "6"]
[EventCountry "ITA"]
[SourceTitle "EXT 2015"]
[Source "ChessBase"]
[SourceDate "2014.11.20"]
[SourceVersion "1"]
[SourceVersionDate "2014.11.20"]
[SourceQuality "1"]

1. e4 e6 2. d4 d5 3. Nd2 Be7 4. Ngf3 Nf6 5. e5 Nfd7 6. Bd3 c5 7. c3 Nc6 8. 0-0 0-0 9. Re1 cxd4 10. cxd4 f6 11. exf6 Nxf6 12. a3 Bd6 13. b4 Qb6 14. Nb3 Bd7 15. Nc5 Rae8 16. Bg5 Bc8 17. Bc2 Kh8 18. Qd3 g6 19. Bh6 Rg8 20. Ng5 Re7 21. Qf3 Nh5 22. Rad1 Qc7 23. g3 Nd8 24. Bf8 Re8 25. Bxd6 Qxd6 26. Ba4 Rgf8 27. Qe3 Re7 28. f4 b6 29. Nd3 Nf6 30. Ne5 Kg7 31. Rc1 Bb7 32. Bc2 Rfe8 33. Qd3 Rc7 34. Bb1 Rxc1 35. Rxc1 Ne4 36. Nxe4 dxe4 37. Qe3 Nf7 38. Bxe4 Bxe4 39. Qxe4 Nxe5 40. Qxe5+ Qxe5 41. dxe5 Re7 42. Kf2 Rd7 43. Ke3 Kf7 44. a4 Ke7 45. b5 Kd8 46. Rc6 Ke7 47. a5 bxa5 48. Ra6 Rb7 49. Rxa5 Kd8 50. Kd4 Kc8 51. Kc5 Kb8 52. Ra6 1-0

[Event "Cesenatico op 14th"]
[Site "Cesenatico"]
[Date "2010.09.06"]
[Round "8"]
[White "Gennari, Leone"]
[Black "Damia, Angelo"]
[Result "1/2-1/2"]
[WhiteElo "2025"]
[BlackElo "2315"]
[PlyCount "42"]
[EventDate "2010.08.30"]
[EventType "swiss"]
[EventRounds "9"]
[EventCountry "ITA"]
[SourceTitle "CBM 138 Extra"]
[Source "ChessBase"]
[SourceDate "2010.10.29"]
[SourceVersion "1"]
[SourceVersionDate "2010.10.29"]
[SourceQuality "1"]

1. d4 d5 2. c4 Nc6 3. cxd5 Qxd5 4. Nf3 e5 5. Nc3 Bb4 6. e3 Nf6 7. a3 exd4 8. exd4 Bxc3+ 9. bxc3 Bg4 10. Be2 Ne4 11. Qc2 0-0 12. 0-0 Rfe8 13. Be3 Bf5 14. Bd3 Nd6 15. Bf4 Bxd3 16. Qxd3 Qe4 17. Qxe4 Nxe4 18. Rac1 Ne7 19. c4 c6 20. Rfe1 Ng6 21. Bg3 Nxg3 1/2-1/2

[Event "Campodarsego op 17th"]
[Site "Campodarsego"]
[Date "2006.01.20"]
[Round "1"]
[White "Trangoni, Bruno"]
[Black "Gennari, Leone"]
[Result "1-0"]
[WhiteElo "1954"]
[BlackElo "2035"]
[PlyCount "55"]
[EventDate "2006.01.20"]
[EventType "swiss"]
[EventRounds "5"]
[EventCountry "ITA"]
[SourceTitle "EXT 2007"]
[Source "ChessBase"]
[SourceDate "2006.11.23"]
[SourceVersion "1"]
[SourceVersionDate "2006.11.23"]
[SourceQuality "1"]

1. d4 g6 2. Nf3 Bg7 3. Nbd2 d5 4. e3 Bf5 5. Be2 Nf6 6. 0-0 0-0 7. c3 b6 8. Ne5 Nfd7 9. Ndf3 Nxe5 10. Nxe5 f6 11. Nd3 e5 12. Qb3 Kh8 13. Re1 Bxd3 14. Bxd3 e4 15. Be2 Qd6 16. Bd2 Rd8 17. c4 c6 18. Rac1 Nd7 19. cxd5 cxd5 20. Bb4 Qe6 21. Rc7 Bf8 22. Rec1 h5 23. R1c6 Qf5 24. Qa3 Bxb4 25. Qxb4 Nf8 26. Rf7 Ne6 27. Qe7 Re8 28. Rh7+ 1-0

[Event "Padova Weekend op-B 8th"]
[Site "Padova"]
[Date "2005.12.18"]
[Round "5.3"]
[White "Gennari, Leone"]
[Black "Damia, Angelo"]
[Result "1-0"]
[WhiteElo "2038"]
[BlackElo "2137"]
[PlyCount "20"]
[EventDate "2005.12.10"]
[EventType "swiss"]
[EventRounds "6"]
[EventCountry "ITA"]
[SourceTitle "EXT 2024"]
[Source "ChessBase"]
[SourceDate "2023.10.10"]
[SourceVersion "1"]
[SourceVersionDate "2023.10.10"]
[SourceQuality "1"]

1. d4 d6 2. c4 e5 3. d5 f5 4. Nc3 Nf6 5. f3 Be7 6. e4 fxe4 7. fxe4 0-0 8. Be2 Qe8 9. Bf3 Qg6 10. Nge2 Nh5 1-0

[Event "Alta Padovana op 5th"]
[Site "Loreggia"]
[Date "2005.02.27"]
[Round "5"]
[White "Annoni, Riccardo"]
[Black "Gennari, Leone"]
[Result "1-0"]
[WhiteElo "2071"]
[BlackElo "2053"]
[PlyCount "65"]
[EventDate "2005.02.25"]
[EventType "swiss"]
[EventRounds "5"]
[EventCountry "ITA"]
[SourceTitle "EXT 2007"]
[Source "ChessBase"]
[SourceDate "2006.11.23"]
[SourceVersion "1"]
[SourceVersionDate "2006.11.23"]
[SourceQuality "1"]

1. d4 Nf6 2. Nf3 g6 3. Nc3 d5 4. Bf4 c6 5. e3 Bg7 6. Be2 0-0 7. Ne5 Nbd7 8. h4 Ne4 9. Nxe4 dxe4 10. Nxd7 Bxd7 11. c3 h6 12. Qc2 f5 13. Qb3+ Kh7 14. Qxb7 Qe8 15. 0-0-0 Be6 16. Kb1 a5 17. f3 a4 18. fxe4 fxe4 19. Rhf1 Rf5 20. Bc7 Rc8 21. Ba6 Qg8 22. Rxf5 gxf5 23. a3 Bf6 24. Qxc6 Bb3 25. Bxc8 Qxc8 26. Rf1 Qg8 27. g3 Qg4 28. Qd7 Kg6 29. Bf4 Qh3 30. Rc1 h5 31. Qe8+ Kg7 32. Qxh5 Bf7 33. Qe2 1-0

[Event "Campodarsego op 16th"]
[Site "Campodarsego"]
[Date "2005.01.22"]
[Round "2"]
[White "Dal Zovo, Claudio"]
[Black "Gennari, Leone"]
[Result "1/2-1/2"]
[WhiteElo "1961"]
[BlackElo "2053"]
[PlyCount "99"]
[EventDate "2005.01.21"]
[EventType "swiss"]
[EventRounds "5"]
[EventCountry "ITA"]
[SourceTitle "EXT 2007"]
[Source "ChessBase"]
[SourceDate "2006.11.23"]
[SourceVersion "1"]
[SourceVersionDate "2006.11.23"]
[SourceQuality "1"]

1. d4 Nf6 2. Nf3 g6 3. Nc3 Bg7 4. e4 d6 5. Bc4 0-0 6. Qe2 c6 7. e5 dxe5 8. dxe5 Nd5 9. Bd2 Bg4 10. 0-0-0 e6 11. h3 Bxf3 12. gxf3 b5 13. Bxd5 exd5 14. h4 h5 15. f4 Nd7 16. e6 Re8 17. exf7+ Kxf7 18. Qf3 Qf6 19. Rde1 Rxe1+ 20. Rxe1 Re8 21. Rxe8 Kxe8 22. Qe3+ Kf7 23. Qxa7 Qd6 24. f3 Bf6 25. Qf2 Qe7 26. Be1 Nc5 27. Nd1 Ne6 28. f5 gxf5 29. Ne3 Ng7 30. Ng2 Qe5 31. c3 Ne6 32. Qe3 Qh2 33. Qf2 Be7 34. Qg3 Qh1 35. Kc2 Qf1 36. Qf2 Qc4 37. b3 Qc5 38. Qxc5 Bxc5 39. Kd3 Kf6 40. Bg3 Bg1 41. b4 Bb6 42. Kc2 Bd8 43. Nf4 Nxf4 44. Bxf4 Ke6 45. Bg3 Bf6 46. Kd3 Be5 47. f4 Bf6 48. Bf2 Kd6 49. Bc5+ Ke6 50. Bf2 1/2-1/2

[Event "Campodarsego op 16th"]
[Site "Campodarsego"]
[Date "2005.01.22"]
[Round "3"]
[White "Gennari, Leone"]
[Black "Giancotti, Eraldo"]
[Result "1-0"]
[WhiteElo "2053"]
[BlackElo "2085"]
[PlyCount "87"]
[EventDate "2005.01.21"]
[EventType "swiss"]
[EventRounds "5"]
[EventCountry "ITA"]
[SourceTitle "EXT 2007"]
[Source "ChessBase"]
[SourceDate "2006.11.23"]
[SourceVersion "1"]
[SourceVersionDate "2006.11.23"]
[SourceQuality "1"]

1. d4 d6 2. c4 f5 3. Nc3 Nf6 4. Nf3 g6 5. Bf4 Bg7 6. h3 c6 7. e3 Qa5 8. Qb3 Ne4 9. Be2 c5 10. 0-0 cxd4 11. exd4 Nc6 12. Rad1 Nxc3 13. bxc3 e5 14. Bh2 Qb6 15. Qa3 Bf8 16. Rb1 Qd8 17. Qb3 e4 18. Ne1 Qg5 19. Kh1 Be7 20. Nc2 f4 21. Qb5 0-0 22. Qxg5 Bxg5 23. Bg4 Bxg4 24. hxg4 b6 25. Rb5 h6 26. Re1 Rfe8 27. Nb4 Na5 28. Nd5 Rac8 29. Bxf4 Bxf4 30. Nxf4 Kf7 31. c5 dxc5 32. dxc5 Rxc5 33. Rxc5 bxc5 34. Rd1 Nc6 35. Nxg6 e3 36. fxe3 Rxe3 37. Rd6 Nb8 38. c4 Re1+ 39. Kh2 a5 40. Nf4 Re4 41. Nd3 Rd4 42. Ne5+ Kg7 43. Rg6+ Kh7 44. Rb6 1-0

[Event "Campodarsego op 16th"]
[Site "Campodarsego"]
[Date "2005.01.21"]
[Round "1"]
[White "Gennari, Leone"]
[Black "Valentini, Paola"]
[Result "0-1"]
[WhiteElo "2053"]
[BlackElo "1790"]
[PlyCount "78"]
[EventDate "2005.01.21"]
[EventType "swiss"]
[EventRounds "5"]
[EventCountry "ITA"]
[SourceTitle "EXT 2007"]
[Source "ChessBase"]
[SourceDate "2006.11.23"]
[SourceVersion "1"]
[SourceVersionDate "2006.11.23"]
[SourceQuality "1"]

1. e4 c6 2. d4 d5 3. e5 Bf5 4. f4 e6 5. Nf3 Nd7 6. Be3 Ne7 7. Nbd2 h6 8. Be2 Bh7 9. g4 Ng6 10. h4 Qa5 11. h5 Ne7 12. c3 0-0-0 13. b4 Qc7 14. a4 Kb8 15. Qb3 g6 16. Kf2 gxh5 17. Rxh5 Bg6 18. Rhh1 Bg7 19. Nh4 Rdf8 20. a5 f6 21. b5 cxb5 22. Bxb5 fxe5 23. dxe5 Bxe5 24. Bxd7 Qxd7 25. Nxg6 Nxg6 26. Rab1 d4 27. cxd4 Bxd4 28. Kg3 Bxe3 29. Qxe3 Qc7 30. Rxb7+ Kxb7 31. Rb1+ Kc8 32. Qxe6+ Kd8 33. Qd5+ Ke8 34. Re1+ Ne7 35. Re5 Rhg8 36. Ne4 Qd7 37. Nd6+ Kd8 38. Nb7+ Kc7 39. Qc5+ Nc6 0-1

[Event "Padova op-A 7th"]
[Site "Padova"]
[Date "2004.12.11"]
[Round "1"]
[White "Gennari, Leone"]
[Black "Dervishi, Erald"]
[Result "0-1"]
[WhiteElo "2079"]
[BlackElo "2502"]
[PlyCount "48"]
[EventDate "2004.12.11"]
[EventType "swiss"]
[EventRounds "6"]
[EventCountry "ITA"]
[SourceTitle "EXT 2024"]
[Source "ChessBase"]
[SourceDate "2023.10.10"]
[SourceVersion "1"]
[SourceVersionDate "2023.10.10"]
[SourceQuality "1"]

1. d4 Nf6 2. c4 e6 3. Nf3 d5 4. Nc3 Be7 5. Bf4 0-0 6. e3 c5 7. dxc5 Bxc5 8. cxd5 Nxd5 9. Nxd5 exd5 10. a3 Nc6 11. b4 Be7 12. Qb3 a5 13. b5 a4 14. Qd3 Na5 15. Nd4 Nb3 16. Nxb3 axb3 17. Be5 Bf6 18. Bd4 Qa5+ 19. Qd2 Bxd4 20. exd4 Re8+ 21. Kd1 b2 22. Rb1 Qa4+ 23. Qc2 Re1+ 24. Kd2 Qa5+ 0-1

[Event "Treviso WE op 28th"]
[Site "Treviso"]
[Date "2004.12.08"]
[Round "4.8"]
[White "Porta, Federico"]
[Black "Gennari, Leone"]
[Result "0-1"]
[WhiteElo "1799"]
[BlackElo "2079"]
[PlyCount "102"]
[EventDate "2004.12.04"]
[EventType "swiss"]
[EventCountry "ITA"]
[SourceTitle "EXT 2024"]
[Source "ChessBase"]
[SourceDate "2023.10.10"]
[SourceVersion "1"]
[SourceVersionDate "2023.10.10"]
[SourceQuality "1"]

1. d4 Nf6 2. Bf4 d6 3. e3 Bf5 4. Bd3 Bxd3 5. Qxd3 Nbd7 6. Nf3 g6 7. Nbd2 Bg7 8. h3 0-0 9. 0-0 c5 10. c3 Rc8 11. Qb5 Qc7 12. a4 a6 13. Qb3 b5 14. axb5 axb5 15. Qxb5 Rb8 16. Qd3 Rxb2 17. Rfb1 Rxb1+ 18. Rxb1 Ra8 19. Qb5 Rb8 20. Qd3 Rxb1+ 21. Nxb1 Qa5 22. e4 Qa1 23. Kh2 Qb2 24. Nbd2 Ne8 25. Be3 e6 26. Qc4 Qb8 27. Kg1 cxd4 28. cxd4 Qc7 29. Qb5 Nef6 30. Bf4 Nh5 31. Be3 Nhf6 32. Qa6 d5 33. Qa8+ Qb8 34. Qxb8+ Nxb8 35. e5 Ne8 36. Kf1 Nc6 37. Nb3 Bf8 38. Ke2 Nc7 39. Bd2 Kg7 40. Kd3 Be7 41. g3 h6 42. Ne1 f6 43. f4 f5 44. Nf3 Kf7 45. Nc1 Ke8 46. Kc2 Nb5 47. Kb3 Ncxd4+ 48. Nxd4 Nxd4+ 49. Kc3 Nc6 50. Kd3 Kd7 51. Bc3 Kc7 0-1

[Event "Treviso WE op 28th"]
[Site "Treviso"]
[Date "2004.12.05"]
[Round "2.3"]
[White "Valentini, Paola"]
[Black "Gennari, Leone"]
[Result "1-0"]
[WhiteElo "1787"]
[BlackElo "2079"]
[PlyCount "116"]
[EventDate "2004.12.04"]
[EventType "swiss"]
[EventCountry "ITA"]
[SourceTitle "EXT 2024"]
[Source "ChessBase"]
[SourceDate "2023.10.10"]
[SourceVersion "1"]
[SourceVersionDate "2023.10.10"]
[SourceQuality "1"]

1. e4 c6 2. d4 d5 3. Nc3 dxe4 4. Nxe4 Bf5 5. Ng3 Bg6 6. Nf3 e6 7. Be2 Bd6 8. 0-0 Nd7 9. c4 Ne7 10. Qb3 Qc8 11. Bd2 0-0 12. Rad1 Rd8 13. Bb4 Nf6 14. Bxd6 Rxd6 15. Ne5 Qc7 16. Bf3 Rad8 17. Ne2 Be4 18. c5 Rd5 19. Nc4 Bxf3 20. Qxf3 Nf5 21. Qc3 Ne4 22. Qa3 Nxd4 23. Nxd4 Rxd4 24. Rxd4 Rxd4 25. Qxa7 h6 26. Ne3 Qf4 27. Qxb7 Nxc5 28. Qxc6 Na4 29. Qc2 Nb6 30. b3 Nd5 31. Nxd5 exd5 32. a4 Rd2 33. Qc1 d4 34. g3 Qg5 35. h4 Qa5 36. Qc8+ Kh7 37. Rc1 d3 38. Rc4 Qa7 39. Qf5+ g6 40. Qd5 Qe7 41. Rc1 Qf6 42. Rf1 Qe6 43. Qa5 Rb2 44. b4 Qc4 45. b5 Qb4 46. Qxb4 Rxb4 47. Ra1 Rd4 48. Kf1 d2 49. Ke2 Kg7 50. a5 Rd5 51. b6 d1Q+ 52. Rxd1 Rxa5 53. Rb1 Ra8 54. Kd3 Kf6 55. Kc4 Ke6 56. b7 Rb8 57. Kc5 Kd7 58. Kb6 f5 1-0

[Event "Vicenza op 8th"]
[Site "Vicenza"]
[Date "2004.10.09"]
[Round "4"]
[White "Gennari, Leone"]
[Black "Faccia, Sergio"]
[Result "1-0"]
[WhiteElo "2079"]
[BlackElo "2005"]
[PlyCount "89"]
[EventDate "2004.10.02"]
[EventType "swiss"]
[EventRounds "6"]
[EventCountry "ITA"]
[SourceTitle "EXT 2009"]
[Source "ChessBase"]
[SourceDate "2008.11.26"]
[SourceVersion "1"]
[SourceVersionDate "2008.11.26"]
[SourceQuality "1"]

1. d4 e5 2. dxe5 f6 3. exf6 Nxf6 4. Bg5 Bc5 5. e3 d5 6. Nf3 c6 7. Nbd2 0-0 8. Nb3 Bb6 9. Be2 Bg4 10. 0-0 Nbd7 11. h3 Bh5 12. Nfd4 Bxe2 13. Nxe2 Qe8 14. Bf4 Ne4 15. Nbd4 Ne5 16. c3 Nc4 17. Qc2 Ncd2 18. Rfd1 Nc4 19. b3 Ne5 20. Rf1 Rc8 21. Ng3 c5 22. Nxe4 dxe4 23. Bxe5 Qxe5 24. Ne2 Bc7 25. g3 Rf3 26. Rad1 Rcf8 27. c4 Qf5 28. Nf4 g5 29. Rd5 Be5 30. g4 Qf6 31. Nh5 Qe6 32. Kg2 Bf6 33. Rxc5 h6 34. Rd5 Bd8 35. Qd2 Bc7 36. Rd7 Qe5 37. Qd5+ Qxd5 38. cxd5 Bb6 39. Ng3 h5 40. gxh5 Kh8 41. Nxe4 Bxe3 42. Rxb7 Bb6 43. Re7 R3f4 44. f3 Rh4 45. d6 1-0